000 01507nam a22002651a 4500
005 2008070709489.0
008 080707t xxu||||| |||| 00| 0 hin d
010 _aHIN-83751
020 _c400.00
_a9788175258280
035 _aHN-56097
037 _bDBAD / VEN
040 _aDPL
_bHN
082 _a307.1412095413
100 _aशर्मा, सुरेशचन्द्र
245 _aउत्तर प्रदेश में ग्रामीण विकास प्रगति और विषमताएँ /
_cसुरेशचन्द्र शर्मा
246 _aUttar Pradesh mein grameen vikas pragati aur visamtayen
_bby Sureshchandra Sharma
260 _aएटा
_bस्वत्वाधिकारी
_c2007
270 _a71- अरूणानगर
_bएटा (उ.प्र.)
_e207001
_k05742- 231347
270 _aगांधी रोड
_bखुर्जा (उ.प्र.)
_e203131
_k05738- 248209
300 _a497पृ
_c22सेमी(सजिल्द)
_bसचित्र
650 _aRural Development
_zUttar Pradesh
942 _2ddc
_cHN
_h307.1412095413
_mशर्मासु
999 _c14244
_d14244